Manual de viticultura tropical / (Registro nro. 8691)

Detalles MARC
000 -CABECERA
Campo de control 00761nam a22002177a 4500
005 - FECHA Y HORA DE LA ULTIMA TRANSACCION
Campo de control 20141007131738.0
008 - ELEMENTOS DE LONGITUD FIJA—INFORMACION GENERAL
Campo de control 120914s2012 sp gr 000 0dspa d
020 ## - ISBN
ISBN 9789586601894
041 ## - IDIOMA
Código de idioma para texto/pista de sonido o título separado Español
044 ## - PAÍS DE PUBLICACIÓN
País de publicación Colombia
082 04 - NUMERO DE CLASIFICACION DECIMAL DEWEY
Número de clasificación 634.88
Número del ítem A44m
100 1# - ASIENTO PRINCIPAL--NOMBRE PERSONAL
Nombre personal Almanza-Merchán, Pedro José
245 10 - MENCION DE TITULO
Título Manual de viticultura tropical /
Mención de responsabilidad Almanza Merchán Pedro José ...[et al]
260 ## - PUBLICACION, DISTRIBUCION, ETC. (PIE DE IMPRENTA)
Lugar de publicación, distribución, etc. Tunja:
Nombre del editor, distribuidor, etc. Universidad Pedagógica y Tecnológica de Colombia -UPTC,
Fecha de publicación, distribución, etc. 2012.
300 ## - DESCRIPCION FISICA
Extensión 120 p.
Otros detalles físicos fot. (col)
Dimensiones 25 cm.
490 ## - MENCION DE SERIE
Mención de serie Colección Investigación UPTC
Designación numérica/secuencial del volumen 48
504 ## - NOTA DE BIBLIOGRAFIA, ETC.
Nota de bibliografía Incluye referencias bibliográficas (pag. 110-119)
650 #6 - ASIENTO SECUNDARIO DE MATERIA - TERMINO TEMATICO
Término temático o nombre geográfico como elemento de entrada Viticultura tropical
Subdivisión de forma manuales
700 1# - ASIENTO SECUNDARIO - NOMBRE PERSONAL
Nombre personal Serrano-Cely, Pablo Antonio
942 ## - ELEMENTOS ADICIONALES (KOHA)
Sistema de clasificación Dewey Decimal Classification
Tipo de ítem Libro
Existencias
Withdrawn status Lost status Sistema de Clasificación Damaged status No para préstamo Colección Inventariado Ubicación Permanente Ubicación actual Fecha de adquisición Fuente de Valor Valor Total Checkouts Número topográfico Inventario / Código de Barras Date last seen Ejemplar Price effective from Forma de adquisición Tipo de material
    Dewey Decimal Classification     General Inventariado 2017 Bogotá Bogotá 12/09/2014 Instituto 39000.00   LB-634.88 A44m 038362 12/09/2014 Ej. 1 12/09/2014   Libro